| 000 | 00631nam a2200205 a 4500 | ||
|---|---|---|---|
| 003 | SISC | ||
| 005 | 20170123142159.0 | ||
| 008 | 130416s 000 0 eng d | ||
| 020 | _a9781133627531 | ||
| 050 | 0 | 0 |
_aHD 31 _b.G7394 2014 |
| 100 | 1 | _aGriffin, Ricky W. | |
| 245 | 1 | 0 |
_aFundamentals of management / _cRicky W. Griffin. |
| 250 |
_a7th edition. _bInternational edition. |
||
| 260 |
_aMason, OH : _bSouth-Western Cengage Learning, _c2014. |
||
| 300 |
_axxi, 490 pages : _bcolor illustrations ; _c26 cm. |
||
| 500 | _aIncludes indexes. | ||
| 521 | _aBusiness Administration | ||
| 650 | 0 | _aManagement. | |
| 942 |
_2lcc _cBK |
||
| 999 |
_c283646 _d283646 |
||